Diseño y simulación de reactores catalíticos autotérmicos /
Guardado en:
| Otros Autores: | |
|---|---|
| Formato: | Manuscrito |
| Idioma: | Spanish |
| Publicado: |
1996.
|
| Materias: | |
| Etiquetas: |
Agregar Etiqueta
Sin Etiquetas, Sea el primero en etiquetar este registro!
|
| LEADER | 00901ntm a22002295a 4500 | ||
|---|---|---|---|
| 001 | EIQ.libpla004179 | ||
| 008 | 080911s1996####ag#a#####bm###000#0#spa#d | ||
| 005 | 20080911182001.0 | ||
| 245 | 1 | 0 | |a Diseño y simulación de reactores catalíticos autotérmicos / |c Marisa Noemí Pedernera. |
| 260 | |c 1996. | ||
| 300 | |a 149 p. : |b il. ; |c 21 cm. | ||
| 502 | |a Tesis (doctorado)--Universidad Nacional del Sur. Departamento de Ingeniería Química, 1996. | ||
| 500 | |a Director de tesis: Ing. José A. Porras. | ||
| 504 | |a Incluye referencias bibliográficas. | ||
| 100 | 1 | |a Pedernera, Marisa Noemí. |4 dis | |
| 710 | 2 | |a Universidad Nacional del Sur (UNS). |b Dto. de Ingeniería Química |4 dgg. | |
| 650 | 4 | |a Reactores |x Tesis. | |
| 650 | 4 | |a Reactores |x Diseño. | |
| 650 | 4 | |a Reactors |x Thesis. | |
| 650 | 4 | |a Reactors |x Design. | |
| 040 | |a AR-BbSID |b spa |c AR-BbSID | ||
| 859 | |a AR-BbSID |b BIB. PLAPIQUI |h 660.299 9 |i P 341 |p 5098 | ||
